Регионална библиотека "Любен Каравелов" - Русе

Ева Луна (Запис номер 119901)

MARC детайли
000 -Лидер
Контролно поле с фиксирана дължина 01189nam a2200313 c 4500
003 - Код на организацията, давaща контролен номер
Контролно поле BLK
005 - Дата и час на последна редакция
Контролно поле 20211101171045.0
008 - Елементи от данни с фиксирана дължина
fixed length control field 180409b bul|||||r ||||||| ||bul||
010 ## - Наследен системен номер
LC control number KNG00125517000
020 ## - Международен стандартен номер на книга ISBN
Международен стандартен номер на книга ISBN 954-04-0097-X
-- издат.: Нар. култура
040 ## - Източник на каталожния запис
Идентификатор на билиотеката - собственик на записа BLK
041 ## - Код за език
Код за езика на текст/звукозапис или на отделно заглавие Български
Код за езика КДБФ Български
080 ## - УДК
Текстов определител УДК Чилийска литература
УДК код - определител по УДК 821.134.2(83)
УДК определител -31
УДК - код + определител 821.134.2(83)-31
100 1# - Редна дума - Автор
Автор Алиенде, Исабел
Авторска отговорност първи автор
R(LIN) 30822
139 ## - Редно поле
Редна дума Алиенде, Исабел
Авторски знак Али - А 54
245 10 - Сведения за заглавието
Заглавие Ева Луна
Подзаглавни данни Роман
Редно поле (дума) Исабел Алиенде; прев. от исп. Венцеслав Стефанов Николов.
257 ## - Страна на издаване
Страна на създаване/издаване Чили
260 ## - Област на издателските данни
-- София
Име на издателя, разпространителя и проч. Нар. култура
Година на издаване 1995
300 ## - Физическа характеристика
Страници 303 с.
Размери/Мащаб 20 см
380 ## - Жанр
Жанр Худож. лит.
500 ## - Общи забележки
Забележка Ориг. загл. Eva Luna / Isabel Allende. - 5 000 тир.
653 ## - Ключова дума – ненормативна
Ключова дума романи
700 1# - Други автори (авторска отговорност)
Лично име Николов, Венцеслав Стефанов
Автороска отговорност (Описва отношението между автора и произведението) прев. от исп.
9 (RLIN) 366742
852 ## - Местоположение
Форматна сигнатура Цб 183671
856 4# - Електронен адрес и достъп
Електронен формат pdf - файл
Път до файла /url/
856 4# - Електронен адрес и достъп
Електронен формат pdf - файл
Път до файла /url/
942 ## - АРТИКУЛИ
Вид на библиотечния материал Книги
Скрит в OPAC Не
Koha issues (borrowed), all copies 7
944 ## - СЪЗДАВАНЕ И РЕДАКЦИЯ на ЗАПИСА
Създаване/Редакция Създаване
Дата на регистрацията/редакция 31.08.2011
Статус, дата на статуса ф / 31.08.2011
Служител, извършил регистрацията/редакцията Людмила_Стоянова
944 ## - СЪЗДАВАНЕ И РЕДАКЦИЯ на ЗАПИСА
Създаване/Редакция Редакция
Дата на регистрацията/редакция 06.11.2012
Статус, дата на статуса ф / 31.08.2011
Служител, извършил регистрацията/редакцията
999 ## - СИСТЕМНИ КОНТРОЛНИ НОМЕРА
Koha biblionumber 119901
Koha biblioitemnumber 119901
Наличности
Код за отписване Код за изгубен артикул Източник на класификационната схема Код за повреда Коз за рестрикции Код за отдаване Артикулен № Име на библиотеката - собственик Име на библиотеката, в която се намира в момента Статус (Текущо местоположение) Дата на вписване в системата Местоположение - отдел Цена в лева Инвентарен номер Систематично азбучна сигнатура Баркод Номер на екземпляра Цена в евро Служебна бележка Служебен тип на артикула
  Не е изгубен Universal Decimal Classification Не е повреден без рестрикции ползва се в читалня 193376 Регионална библиотека "Любен Каравелов" Русе Регионална библиотека "Любен Каравелов" Русе Хранилище 1995-01-01 Хранилище 1.35 614718 Цб 183671 120000614718 1 0.69 Дост: Dp Вид: Д N: стар фонд Дата: 01.01.1995 Дата инв: 17.09.2014 Бележки инв: Цб2014 Книги
Изтеглен Не е изгубен   Не е повреден без рестрикции заемане за дома 193377 Регионална библиотека "Любен Каравелов" Русе Регионална библиотека "Любен Каравелов" Русе Заемна - подръчен фонд 2012-06-18 Заемна - подръчен фонд 15.00 120000758360 П 860(7/8)-31/А 54 120000758360 2 7.67 Дост: DA Вид: А N: 11 Дата: 18.06.2012 Дата инв: 09.02.2018 Бележки инв: П2018 Книги
Vip Innovations Ltd, Rousse, Bulgaria 2025